All Columbus Neighborhoods - Statistics

General Stats
  • This quiz has been taken 95 times
  • The average score is 9 of 52
Answer Stats
# Neighborhood Pop. % Correct
30 German Village 2,612
88%
1 Greater Hilltop 63,782
72%
2 Clintonville 30,675
69%
8 Downtown 14,960
66%
38 Short North 1,721
66%
28 Italian Village 2,806
59%
7 Franklinton 15,844
50%
42 Hungarian Village 1,172
50%
29 University District 2,758
50%
49 Arena District 542
34%
44 Brewery District 1,063
34%
36 Victorian Village 1,813
34%
22 Merion Village 4,946
31%
39 King-Lincoln 1,708
25%
16 South Side 7,458
19%
5 Near East Side 17,116
16%
19 Westgate 5,900
16%
3 Beechwold 24,296
13%
4 Far North 21,151
13%
10 Olde Towne East 12,725
13%
21 Weinland Park 5,288
13%
34 Franklin Park 2,112
9%
51 Discovery District 376
6%
43 Eastgate 1,084
6%
32 Lincoln Park 2,388
6%
46 Broad Lawn 997
3%
13 Brookshire 9,507
3%
14 Cherry Creek 9,298
3%
23 Driving Park 4,600
3%
20 Georgian Heights 5,757
3%
17 Holly Hill 6,836
3%
12 Lincoln Village South 10,071
3%
37 Livingston Park 1,754
3%
6 Mount Vernon 16,990
3%
41 Old Oaks 1,300
3%
11 Riverbend 10,642
3%
33 Schumacher Place 2,231
3%
15 Southern Orchards 8,229
3%
24 Deshler Park 4,151
0%
35 Edgewood 1,955
0%
18 Hardesty Heights 6,481
0%
45 Innis Gardens 1,060
0%
26 Millbrook 3,148
0%
27 Northcrest 2,989
0%
25 Old Beechwold 4,033
0%
47 Reeb-Hosack 953
0%
52 River South District 170
0%
9 Southeast Columbus 13,942
0%
48 Uptown District 757
0%
50 Valleyview Heights 526
0%
31 Vassor Village 2,441
0%
40 Woodland Park 1,500
0%
No matching quizzes found
Score Distribution
Percent of People with Each Score
Percentile by Number Answered
Your Score History
You have not taken this quiz